Leggende del calcio dalla a-z dai soprannomi - Statistics

Statistiche generali
  • Questo quiz è stato fatto 732 volte
  • Il punteggio medio è 16 su 26
Statistiche sulle risposte
Sopranname Calciatore % Corretto
Er pupone T{otti}
96%
El Pipita H{iguain}
95%
Ringhio G{attuso}
93%
Superpippo I{nzaghi}
93%
Pibe de Oro M{aradona}
93%
Zizou Z{idane}
93%
La Joya D{ybala}
92%
El Kun A{guero}
91%
O Rei P{elé}
90%
Il professore X{avi}
78%
Il cigno di Utrecht V{an Basten}
75%
King George W{eah}
75%
L'usignolo di Kiev S{hevchenko}
73%
Furia Ceca N{edved}
67%
Il mago di Oz O{zil}
60%
il Ragno Nero Y{ashin}
56%
Bambino d’Oro K{akà}
51%
Scarface R{ibery}
46%
Quinto Beatle B{est}
43%
O Cigano (lo zingaro) Q{uaresma}
38%
Il Divino ottavo re di Roma F{alcao}
33%
Pantera Nera E{usebio}
31%
Big Sam U{mtiti}
27%
El Botija C{avani}
15%
El Rey León (il Re Leone) L{lorente}
12%
Il Furacão J{airzinho}
8%
Nessun quiz corrispondente trovato
Distribuzione punteggi
Percentuale di utenti per punteggio
Percentile per numero di risposta
I tuoi punteggi nel tempo
Non hai fatto questo quiz